000 00407cam a2200181ua 4500
001 4682
008 120410n1992 II |||gr||||Z||||||eng
040 _aMAIN
041 _aEnglish
082 _a336 PAP
100 _aPAPOLA, T. S.
245 _aPUBIC FINANCE
260 _aLUCKNOW
_bPRAKASHAN KENDRA
_c1992
300 _a409:
_c20CM.
653 _aPublic finance
700 _aSACHDEV, A. N.
942 _cBK
999 _c4669
_d4669